eProcurement Scotland (Record no. 120795)

MARC details
000 -LEADER
fixed length control field 00770cai a22001815a 4500
001 - CONTROL NUMBER
control field E147497
008 - FIXED-LENGTH DATA ELEMENTS--GENERAL INFORMATION
fixed length control field 090518u xxk g 000 0 eng d
035 ## - SYSTEM CONTROL NUMBER
System control number (Sirsi) u147497
041 0# - LANGUAGE CODE
Language code of text/sound track or separate title eng
110 2# - MAIN ENTRY--CORPORATE NAME
Corporate name or jurisdiction name as entry element Scotland
Subordinate unit Scottish Government
9 (RLIN) 5344
245 00 - TITLE STATEMENT
Title eProcurement Scotland
Medium [electronic resource]
520 ## - SUMMARY, ETC.
Summary, etc. Website which enables Scottish public sector organisations to buy goods or services online. Includes electronic tendering and auctions, as well as payment options. Also provides access to case studies, newsletters and a discussion forum.
590 ## - LOCAL NOTE (RLIN)
Local note KA
651 #4 - SUBJECT ADDED ENTRY--GEOGRAPHIC NAME
Geographic name Scotland
Chronological subdivision 1999-
690 ## - LOCAL SUBJECT ADDED ENTRY--TOPICAL TERM (OCLC, RLIN)
Topical term or geographic name as entry element Procurement
9 (RLIN) 6260
856 40 - ELECTRONIC LOCATION AND ACCESS
Uniform Resource Identifier <a href="https://www.eprocurementscotland.com/">https://www.eprocurementscotland.com/</a>
Public note View the website free of charge at www.eprocurementscotland.com...
942 ## - ADDED ENTRY ELEMENTS (KOHA)
Suppress in OPAC 0
Holdings
Withdrawn status Lost status Source of classification or shelving scheme Damaged status Not for loan Home library Current library Shelving location Date acquired Total Checkouts Full call number Barcode Date last seen Copy number Price effective from Koha item type
    Dewey Decimal Classification     Virtual Virtual Online 18/05/2009   WEBSITE 147497-2001 06/08/2019 1 06/08/2019 Online material